000 00626nam a22001937a 4500
999 _c60834
_d60834
005 20231030162649.0
008 231030s2023 enk||||| |||| 00| 0 eng d
020 _a9780194903936x
041 _aeng
080 _a811.111.1 M-10
100 _aMcVeigh, Joe
_920267
245 _aQ: Skills for Success. Level 2 :
_bReading and Writing /
_c Joe McVeigh, Jennifer Bixby.
250 _aThird Edition
264 _aOxford :
_bOxford University Press,
_c2023.
300 _a198 p. :
_bill.;
_c26 cm.
653 _aინგლისური ენა
700 _aBixby, Jennifer
_eავტორი
_920268
942 _2udc
_cBK